LEADER 01144nas a2200265 i 4500 001 000000203033 003 CaOOAMICUS 005 20120110000000.0 008 110614b2011 mx uu u0 0spa r 013 $a181745 040 $aSeMil$bita 100 1 $aSchmidt Andrade, Ciro E.$0(OLS)http://semarc/name/73332 245 10$aHermenéutica analógica como paradigma educativo /$cCiro E. Schmidt Andrade. 260 $aMéxico D.F. :$b[s.n.],$c2011$e(México D.F. :$fTécnica en Impresión ,$g2011) 300 $a100 p. ;$c22 cm. 500 $aContiene : Bibliografía. 650 4$aEducazione.$0(OLS)http://semarc/subject/204 650 4$aErmeneutica analogica.$0(OLS)http://semarc/subject/11853 773 0 $tAnalogía filosófica.$dMéxico D.F. : [s.n.]$x0188-896X$w()1815 774 0 $t[vedi periodico].$w()275471 850 $aSeMil 852 $aSeMil$W1$xVenegono$y1$m51 6 64$j153529$B153529$CSeMilBibl$Z2$F171450 $85 961 $aCambio: Scuola Cattolica 996 $6245$aHermenéutica analógica como paradigma educativo$9(OLS)http://semarc/title/293910 996 $6260$aMéxico D.F. :$b[s.n.]$9(OLS)http://semarc/publisher/30399 LEADER 00476naa a2200145 i 4500 001 000000303353 003 CaOOAMICUS 005 20180831172758.0 008 180831n xx u000 u und u 013 $a11135 040 $aSeMil$bita 100 1 $aCavedo, Romeo.$0(OLS)http://semarc/name/17804 245 13$aLa povertà evangelica. 773 0 $tPovertà religiosa.$dBologna : EDB, 1991.$kItinerari$z88-10-50905-6$w()38251 996 $6245$aLa povertà evangelica$9(OLS)http://semarc/title/70116 LEADER 00624naa a2200157 i 4500 001 000000317599 003 CaOOAMICUS 005 20180831173231.0 008 180831n it u000 u ita u 013 $a26764 040 $aSeMil$bita 100 1 $aHamer, Jérôme .$0(OLS)http://semarc/name/22294 245 13$aLe conferenze episcopali. 650 4$aConferenze episcopali.$0(OLS)http://semarc/subject/6269 773 0 $aGeusau, Alting : von$tGrandi temi del Concilio.$dRoma : Paoline, 1965.$kBiblioteca di cultura religiosa. 2. serie$gp.247-256$w()45806 996 $6245$aLe conferenze episcopali$9(OLS)http://semarc/title/391543